[Event "BL 9192 Bamberg-Dortmund"]
[Site "?"]
[Date "1991.??.??"]
[Round "?.2"]
[White "Meister, P."]
[Black "Smagin, S."]
[Result "1/2-1/2"]
[WhiteElo "2410"]
[BlackElo "2535"]
[PlyCount "44"]
[EventDate "1991.??.??"]

1. d4 Nf6 2. c4 e6 3. Nf3 d5 4. Nc3 c6 5. cxd5 exd5 6. Bg5 Be7 7. Qc2 g6 8. e3
Bf5 9. Bd3 Bxd3 10. Qxd3 Nbd7 11. Bh6 Ng4 12. Bg7 Rg8 13. Be5 Ngxe5 14. Nxe5
Nxe5 15. dxe5 Qb6 16. O-O O-O-O 17. Rab1 Kb8 18. Rfd1 f6 19. exf6 Bxf6 20. Ne2
Qb4 21. Nd4 Be5 22. a3 Qd6 1/2-1/2

[Event "BL 9192 Bamberg-Dortmund"]
[Site "?"]
[Date "1991.??.??"]
[Round "?.3"]
[White "Mainka, R."]
[Black "Kurz, A."]
[Result "1-0"]
[WhiteElo "2445"]
[BlackElo "2325"]
[PlyCount "83"]
[EventDate "1991.??.??"]

1. e4 c5 2. Nf3 Nc6 3. d4 cxd4 4. Nxd4 Nf6 5. Nc3 e5 6. Ndb5 d6 7. Nd5 Nxd5 8.
exd5 Ne7 9. c4 Nf5 10. Bd3 Be7 11. O-O O-O 12. a4 a6 13. Nc3 a5 14. f4 exf4 15.
Bxf4 Bf6 16. Kh1 g6 17. Qd2 Re8 18. Ne4 Be5 19. g4 Nd4 20. Bxe5 Rxe5 21. Nf6+
Kg7 22. Qc3 Qb6 23. Rf4 Nb3 24. Raf1 Nc5 25. Ne8+ Kg8 26. Rxf7 Bf5 27. gxf5
Kxf7 28. fxg6+ Kxe8 29. gxh7 Ke7 30. Bg6 Rh8 31. Qf3 Nd7 32. Qf7+ Kd8 33. Qg8+
Rxg8 34. hxg8=Q+ Kc7 35. Bf5 Re7 36. Bxd7 Rxd7 37. Rf8 Qe3 38. Rc8+ Kb6 39. Qg1
Re7 40. b3 Qxg1+ 41. Kxg1 Re3 42. Kg2 1-0

[Event "BL 9192 Bamberg-Dortmund"]
[Site "?"]
[Date "1991.??.??"]
[Round "?.4"]
[White "Bezold, M."]
[Black "Keitlinghaus, L."]
[Result "0-1"]
[WhiteElo "2355"]
[BlackElo "2445"]
[PlyCount "84"]
[EventDate "1991.??.??"]

1. g3 e5 2. Bg2 d5 3. d3 Nf6 4. Nd2 Nc6 5. a3 a5 6. e3 g6 7. b3 Bg7 8. Ne2 O-O
9. O-O Be6 10. h3 Qd7 11. Kh2 h6 12. Bb2 Kh7 13. c3 Ng8 14. Qc2 Nge7 15. Rad1
Rad8 16. b4 axb4 17. cxb4 Rc8 18. Rc1 f6 19. Qb1 Nd8 20. Rc2 Nf7 21. Bc3 Nd6
22. Rfc1 Ra8 23. Bb2 Rfc8 24. Rd1 Ra7 25. Qc1 b6 26. d4 e4 27. Nc3 h5 28. a4 h4
29. a5 hxg3+ 30. fxg3 Nef5 31. Re1 Rh8 32. Nd1 Kg8 33. Nf2 Bh6 34. Nf1 b5 35.
Rc5 Bf8 36. Re2 Nc4 37. Bc3 Bd6 38. Ng4 Nxg3 39. Nxf6+ Kg7 40. Nxg3 Kxf6 41.
Qf1+ Kg7 42. Be1 Raa8 0-1

[Event "BL 9192 Bamberg-Dortmund"]
[Site "?"]
[Date "1991.??.??"]
[Round "?.5"]
[White "Thesing, M."]
[Black "Goetz, R."]
[Result "1/2-1/2"]
[WhiteElo "2405"]
[BlackElo "2355"]
[PlyCount "50"]
[EventDate "1991.??.??"]

1. e4 c5 2. Nf3 Nc6 3. d4 cxd4 4. Nxd4 Nf6 5. Nc3 e5 6. Ndb5 d6 7. Bg5 a6 8.
Na3 b5 9. Bxf6 gxf6 10. Nd5 Bg7 11. g3 f5 12. exf5 Bxf5 13. Bg2 Rc8 14. c3 O-O
15. O-O Be6 16. Nc2 f5 17. f4 Ne7 18. Kh1 Rc5 19. Nce3 Nxd5 20. Nxd5 a5 21. Qd2
Kh8 22. Rfd1 e4 23. Ne3 d5 24. Nc2 Qb6 25. a3 Bf7 1/2-1/2

[Event "BL 9192 Bamberg-Dortmund"]
[Site "?"]
[Date "1991.??.??"]
[Round "?.6"]
[White "Ramos, D."]
[Black "Luecke, N."]
[Result "1/2-1/2"]
[WhiteElo "2330"]
[BlackElo "2390"]
[PlyCount "28"]
[EventDate "1991.??.??"]

1. d4 Nf6 2. Nf3 g6 3. Bg5 d5 4. Nbd2 Bg7 5. e3 O-O 6. Bd3 c5 7. c3 Nfd7 8. O-O
Nc6 9. Rb1 Qa5 10. Nb3 Qb6 11. c4 dxc4 12. Bxc4 cxd4 13. exd4 Nf6 14. d5 Na5
1/2-1/2

[Event "BL 9192 Bamberg-Dortmund"]
[Site "?"]
[Date "1991.??.??"]
[Round "?.7"]
[White "Buecker, S."]
[Black "Stickler, A."]
[Result "0-1"]
[WhiteElo "2355"]
[BlackElo "2265"]
[PlyCount "88"]
[EventDate "1991.??.??"]

1. e4 Nf6 2. e5 Nd5 3. d4 d6 4. c4 Nb6 5. f4 g6 6. Nc3 Bg7 7. Be3 O-O 8. Nf3
Be6 9. b3 c5 10. dxc5 N6d7 11. cxd6 exd6 12. Rc1 dxe5 13. Be2 Qa5 14. Qd2 Nc6
15. Nb5 Qxd2+ 16. Bxd2 Rad8 17. O-O e4 18. Ng5 Nc5 19. Be3 Nd4 20. Nxd4 Bxd4
21. Kf2 Nd3+ 22. Bxd3 Bxe3+ 23. Kxe3 Rxd3+ 24. Kf2 Bf5 25. Rfe1 Rd2+ 26. Kg1
Re8 27. g4 f6 28. Nf3 Rd3 29. gxf5 Rxf3 30. fxg6 Rxf4 31. gxh7+ Kxh7 32. Rc3
Kg6 33. Rg3+ Kf5 34. Rd1 Re7 35. Rd2 Ke6 36. Rg8 e3 37. Re2 Kf5 38. Rg3 Rg4 39.
Kg2 Rxg3+ 40. hxg3 Ke4 41. c5 Rd7 42. Re1 Rd2+ 43. Kf1 Kf3 44. Rc1 Rg2 0-1

[Event "BL 9192 Bamberg-Dortmund"]
[Site "?"]
[Date "1991.??.??"]
[Round "?.8"]
[White "Huemmer, B."]
[Black "Stein, B."]
[Result "1/2-1/2"]
[WhiteElo "2275"]
[BlackElo "2355"]
[PlyCount "33"]
[EventDate "1991.??.??"]

1. d4 Nf6 2. Nf3 d6 3. Bg5 Nbd7 4. Nbd2 h6 5. Bh4 g5 6. Bg3 Nh5 7. e4 Nxg3 8.
hxg3 Bg7 9. c3 c5 10. dxc5 Nxc5 11. Bc4 Bg4 12. Nf1 Qb6 13. Qc2 Qc6 14. Ne3
Bxf3 15. gxf3 e6 16. a4 a6 17. O-O 1/2-1/2

[Event "BL 9192 Bielefeld-Hannover"]
[Site "?"]
[Date "1991.??.??"]
[Round "?.2"]
[White "Gruen, G."]
[Black "Dankert, P."]
[Result "1-0"]
[WhiteElo "2375"]
[BlackElo "2230"]
[PlyCount "129"]
[EventDate "1991.??.??"]

1. d4 d5 2. c4 e6 3. Nf3 Nf6 4. g3 c5 5. cxd5 exd5 6. Bg2 Nc6 7. O-O Be7 8. b3
O-O 9. Bb2 Ne4 10. Nc3 Bf6 11. Na4 b6 12. Rc1 Ba6 13. Re1 Re8 14. a3 Rc8 15.
dxc5 Bxb2 16. Nxb2 bxc5 17. Nd3 c4 18. Nf4 cxb3 19. Qxb3 Bc4 20. Qb2 Rb8 21.
Qa1 Qb6 22. e3 Qb2 23. Qxb2 Rxb2 24. Nd4 Ne5 25. Rb1 Reb8 26. Rxb2 Rxb2 27. f3
Nc5 28. h4 g6 29. Bf1 Nb3 30. Be2 Nxd4 31. exd4 Bxe2 32. dxe5 Bxf3 33. Rc1 Be4
34. Rc8+ Kg7 35. Rc7 Rb1+ 36. Kf2 Rb2+ 37. Ke3 Rb3+ 38. Kd4 Kg8 39. e6 fxe6 40.
Ke5 Bf5 41. Rxa7 d4 42. Kxd4 Rxg3 43. Ke5 Kf8 44. a4 Ke8 45. a5 Kd8 46. a6 Kc8
47. Rxh7 Kb8 48. Kf6 Ka8 49. Nxe6 Bxe6 50. Kxe6 Rg4 51. Ke5 Kb8 52. Kd6 Rf4 53.
Kc5 Rf5+ 54. Kd4 Ra5 55. a7+ Ka8 56. Ke4 g5 57. h5 g4 58. h6 Rh5 59. Kf4 g3 60.
Rh8+ Kxa7 61. Kxg3 Kb7 62. Kg4 Rh1 63. Kg5 Kc7 64. Re8 Kd7 65. Re4 1-0

[Event "BL 9192 Bielefeld-Hannover"]
[Site "?"]
[Date "1991.??.??"]
[Round "?.5"]
[White "Behrens, H."]
[Black "Geveke, M."]
[Result "0-1"]
[WhiteElo "2320"]
[BlackElo "2330"]
[PlyCount "104"]
[EventDate "1991.??.??"]

1. d4 Nf6 2. Nf3 c5 3. e3 g6 4. Be2 Bg7 5. c4 O-O 6. Nc3 d6 7. O-O Nc6 8. d5
Ne5 9. Nxe5 dxe5 10. e4 Ne8 11. Be3 b6 12. a3 Bd7 13. b4 Rc8 14. Na4 Nd6 15.
bxc5 Bxa4 16. Qxa4 bxc5 17. f3 Qc7 18. Rab1 f5 19. Qa6 f4 20. Bf2 Rf6 21. Qa4
g5 22. g4 fxg3 23. hxg3 g4 24. Be3 Bh6 25. Bxh6 Rxh6 26. Bd3 gxf3 27. Rxf3 Rf6
28. Qd1 Rg6 29. Qa4 Rf6 30. Qd1 Rg6 31. Qa4 Rf6 32. Kg2 Rxf3 33. Kxf3 Rf8+ 34.
Kg2 Qc8 35. Qd1 Qe8 36. Qg4+ Qg6 37. Qh4 Qf6 38. Qg4+ Qg6 39. Qh4 Qg7 40. Qh5
Qf7 41. Qg5+ Qg7 42. Qh5 Kh8 43. Rh1 Rg8 44. Qh4 Rb8 45. Rf1 Rb2+ 46. Rf2 Rb3
47. Be2 Rxa3 48. Bh5 Nxe4 49. Qxe4 Qxg3+ 50. Kf1 Ra1+ 51. Bd1 Rxd1+ 52. Ke2
Rd2+ 0-1

[Event "BL 9192 Bochum-HSK"]
[Site "?"]
[Date "1991.??.??"]
[Round "?.1"]
[White "Wahls, M."]
[Black "Dokhoian, Y."]
[Result "1/2-1/2"]
[WhiteElo "2560"]
[BlackElo "2545"]
[PlyCount "34"]
[EventDate "1991.??.??"]

1. e4 e6 2. d4 d5 3. Nc3 Bb4 4. e5 c5 5. Bd2 Ne7 6. f4 Nf5 7. Nf3 cxd4 8. Nb5
Bc5 9. b4 Be7 10. Nbxd4 Nxd4 11. Nxd4 Nc6 12. Nxc6 bxc6 13. Rb1 O-O 14. Bd3 c5
15. bxc5 Bxc5 16. h4 Bd7 17. Qh5 g6 1/2-1/2

[Event "BL 9192 Bochum-HSK"]
[Site "?"]
[Date "1991.??.??"]
[Round "?.2"]
[White "Glek, I."]
[Black "Brunner, L."]
[Result "1/2-1/2"]
[WhiteElo "2530"]
[BlackElo "2505"]
[PlyCount "47"]
[EventDate "1991.??.??"]

1. e4 e5 2. Nf3 Nc6 3. Bb5 a6 4. Bxc6 dxc6 5. O-O f6 6. d4 exd4 7. Nxd4 c5 8.
Ne2 Qxd1 9. Rxd1 Bd7 10. Nbc3 O-O-O 11. Bf4 Ne7 12. h4 Ng6 13. Bg3 Ne5 14. Bxe5
fxe5 15. Nd5 c4 16. Ne3 Be6 17. Rxd8+ Kxd8 18. b3 cxb3 19. axb3 Bc5 20. Ra5
Bxe3 21. fxe3 Bg4 22. Nc1 Re8 23. Kf2 Bh5 24. Nd3 1/2-1/2

[Event "BL 9192 Bochum-HSK"]
[Site "?"]
[Date "1991.??.??"]
[Round "?.3"]
[White "Mueller, Ka"]
[Black "Schulz, KJ."]
[Result "1-0"]
[WhiteElo "2425"]
[BlackElo "2400"]
[PlyCount "71"]
[EventDate "1991.??.??"]

1. e4 d5 2. exd5 Nf6 3. c4 c6 4. d4 cxd5 5. Nc3 e6 6. Nf3 Be7 7. Bd3 dxc4 8.
Bxc4 Nc6 9. O-O O-O 10. Bg5 b6 11. a3 Bb7 12. Re1 Rc8 13. Ba2 Rc7 14. Qd3 Rd7
15. Rad1 h6 16. Bh4 Nd5 17. Bg3 Nxc3 18. bxc3 Bf6 19. Bf4 Ne7 20. Ne5 Bxe5 21.
Bxe5 Ng6 22. Bg3 Qg5 23. Qe3 Rfd8 24. Bb1 Ne7 25. Qd3 g6 26. Re5 Nf5 27. Rde1
Qe7 28. Bf4 Qxa3 29. Qh3 Nxd4 30. Qxh6 Qxc3 31. R5e3 Qc6 32. Be4 Qxe4 33. Rxe4
Bxe4 34. Be5 f6 35. Bxf6 Rh7 36. Qe3 1-0

[Event "BL 9192 Bochum-HSK"]
[Site "?"]
[Date "1991.??.??"]
[Round "?.4"]
[White "Backwinkel, P."]
[Black "Maus, So"]
[Result "1/2-1/2"]
[WhiteElo "2400"]
[BlackElo "2385"]
[PlyCount "146"]
[EventDate "1991.??.??"]

1. d4 Nf6 2. Bf4 c5 3. e3 Qb6 4. b3 g6 5. Nf3 Bg7 6. Be2 O-O 7. O-O Nc6 8. Nc3
d6 9. Na4 Qa5 10. c4 Nh5 11. Bg3 Nxg3 12. hxg3 cxd4 13. exd4 Bg4 14. Rc1 Rac8
15. d5 Ne5 16. Nxe5 Bxe2 17. Qxe2 Bxe5 18. Qe1 Qxe1 19. Rfxe1 Rc7 20. Rcd1 Bf6
21. Re2 Rb8 22. Nb2 b5 23. cxb5 Bxb2 24. Rxb2 Rxb5 25. g4 a5 26. Rd4 Rc1+ 27.
Kh2 Rcc5 28. Rbd2 g5 29. Kg3 Rc3+ 30. f3 Kg7 31. Kf2 Kf6 32. g3 Rbc5 33. f4 Rc2
34. Ke2 R5c3 35. Rxc2 Rxc2+ 36. Rd2 Rc3 37. Rd3 Rc2+ 38. Rd2 Rc5 39. Ke3 Kg6
40. a3 Rb5 41. Rd3 h5 42. gxh5+ Kxh5 43. fxg5 Kxg5 44. Kd4 e5+ 45. dxe6 fxe6
46. Kc3 d5 47. Kd4 Kf6 48. Rf3+ Ke7 49. Ke5 Rc5 50. g4 Rc1 51. Rg3 Re1+ 52. Kd4
Kf6 53. g5+ Kg6 54. Kc5 Re4 55. b4 axb4 56. axb4 d4 57. Kc4 e5 58. b5 Re1 59.
b6 Rc1+ 60. Kb4 e4 61. Rb3 e3 62. Rb2 d3 63. b7 e2 64. b8=Q e1=Q+ 65. Kb5 Qe6
66. Qb6 Qxb6+ 67. Kxb6 Rc2 68. Rb5 Rg2 69. Rd5 d2 70. Kc6 Kh5 71. Kd6 Kg4 72.
Ke6 Kf4 73. Kf7 Ke4 1/2-1/2

[Event "BL 9192 Bochum-HSK"]
[Site "?"]
[Date "1991.??.??"]
[Round "?.6"]
[White "Sonntag, H."]
[Black "Reefschlaeger, H."]
[Result "1/2-1/2"]
[WhiteElo "2370"]
[BlackElo "2400"]
[PlyCount "45"]
[EventDate "1991.??.??"]

1. d4 Nf6 2. c4 g6 3. Nc3 Bg7 4. e4 d6 5. f3 O-O 6. Be3 b6 7. Bd3 a6 8. Nge2 c5
9. e5 Nfd7 10. exd6 cxd4 11. Bxd4 Bxd4 12. Nxd4 e6 13. O-O Ne5 14. Be2 Qxd6 15.
f4 Nec6 16. Nxc6 Qxc6 17. Bf3 Qc5+ 18. Kh1 Ra7 19. Qe2 Bb7 20. Bxb7 Rxb7 21. b3
Nd7 22. Rad1 Nf6 23. Qf2 1/2-1/2

[Event "BL 9192 Bochum-HSK"]
[Site "?"]
[Date "1991.??.??"]
[Round "?.7"]
[White "Heinemann, T."]
[Black "Beckemeyer, W."]
[Result "1/2-1/2"]
[WhiteElo "2405"]
[BlackElo "2380"]
[PlyCount "54"]
[EventDate "1991.??.??"]

1. d4 Nf6 2. c4 g6 3. Nc3 Bg7 4. e4 O-O 5. f3 d6 6. Be3 Nbd7 7. Qd2 c5 8. Nge2
b6 9. Nc1 cxd4 10. Bxd4 e6 11. Be2 a6 12. O-O Qc7 13. Nb3 Bb7 14. Rac1 Nc5 15.
Na1 Rac8 16. Rfd1 Rfd8 17. b4 Ncd7 18. Nb3 Qb8 19. Bf1 Bf8 20. Na4 Rc6 21. Qf2
Ba8 22. a3 Rdc8 23. Be3 Be7 24. Nd4 R6c7 25. Nb3 Rc6 26. Nd4 R6c7 27. Nb3 Rc6
1/2-1/2

[Event "BL 9192 Bochum-HSK"]
[Site "?"]
[Date "1991.??.??"]
[Round "?.8"]
[White "Von Gleich, A."]
[Black "Sievers, S."]
[Result "1/2-1/2"]
[WhiteElo "2345"]
[BlackElo "2340"]
[PlyCount "28"]
[EventDate "1991.??.??"]

1. Nf3 c5 2. c4 g6 3. d4 cxd4 4. Nxd4 Bg7 5. e4 Nc6 6. Be3 Nf6 7. Nc3 Ng4 8.
Qxg4 Nxd4 9. Qd1 Ne6 10. Rc1 Qa5 11. Be2 Bxc3+ 12. Rxc3 Qxa2 13. Qc1 Qa5 14. c5
Qb4 1/2-1/2

[Event "BL 9192 Hannover-Bochum"]
[Site "?"]
[Date "1991.??.??"]
[Round "?.2"]
[White "Dankert, P."]
[Black "Glek, I."]
[Result "1/2-1/2"]
[WhiteElo "2230"]
[BlackElo "2530"]
[PlyCount "92"]
[EventDate "1991.??.??"]

1. d4 f5 2. Nf3 Nf6 3. g3 g6 4. Bg2 Bg7 5. O-O O-O 6. b3 d6 7. Bb2 h6 8. Nbd2
g5 9. e3 Qe8 10. c4 c6 11. Qc2 Na6 12. a3 Nc7 13. Rae1 Qh5 14. b4 Bd7 15. Qb3
Qf7 16. Qc2 a5 17. bxa5 Rxa5 18. a4 Ra7 19. Ra1 Be6 20. d5 cxd5 21. Nd4 dxc4
22. Nxe6 Nxe6 23. Qxf5 Nc5 24. Qc2 d5 25. Bd4 Nfd7 26. f4 g4 27. Bxg7 Kxg7 28.
e4 Nxe4 29. Nxe4 dxe4 30. Qxe4 Nf6 31. Qd4 Ra6 32. Bxb7 Rd6 33. Qe5 Re6 34. Qc3
Rb6 35. Rab1 Rxb1 36. Rxb1 Qe6 37. a5 Rd8 38. a6 Rd3 39. Qe5 Qd7 40. Re1 Rd1
41. Kf2 Rxe1 42. Kxe1 Kf7 43. Qc3 Qb5 44. Kd2 Nd5 45. Bxd5+ Qxd5+ 46. Kc1 Qc5
1/2-1/2

[Event "BL 9192 Hannover-Bochum"]
[Site "?"]
[Date "1991.??.??"]
[Round "?.7"]
[White "Von Gleich, A."]
[Black "Koelle, A."]
[Result "1-0"]
[WhiteElo "2345"]
[BlackElo "2240"]
[PlyCount "73"]
[EventDate "1991.??.??"]

1. Nf3 d5 2. c4 e6 3. g3 Nf6 4. Bg2 Be7 5. O-O O-O 6. d4 c6 7. Nc3 b6 8. Ne5
Bb7 9. e4 dxc4 10. a4 Na6 11. Nxc4 Nb4 12. Qe2 Ba6 13. Rd1 Rc8 14. b3 b5 15.
axb5 cxb5 16. Rxa6 Nxa6 17. Nxb5 Rb8 18. Ne5 Qb6 19. Bf1 Nc7 20. Nxa7 Qxa7 21.
Nc6 Qb7 22. Nxe7+ Kh8 23. Bf4 Rbd8 24. Rc1 Rd7 25. Nc6 Na8 26. b4 Rc8 27. Qa6
Qxa6 28. Bxa6 Re8 29. f3 Nb6 30. Be3 Ra8 31. b5 Na4 32. Ne5 Rdd8 33. Nxf7+ Kg8
34. Nxd8 Rxd8 35. Rc6 Kf7 36. b6 Nd7 37. b7 1-0

[Event "BL 9192 HSK-Bielefeld"]
[Site "?"]
[Date "1991.??.??"]
[Round "?.1"]
[White "Piskov, Y."]
[Black "Wahls, M."]
[Result "1-0"]
[WhiteElo "2465"]
[BlackElo "2560"]
[PlyCount "71"]
[EventDate "1991.??.??"]

1. d4 Nf6 2. c4 g6 3. Nc3 Bg7 4. e4 d6 5. Bd3 O-O 6. Nge2 Nbd7 7. Bc2 a6 8. O-O
c6 9. a4 a5 10. h3 e5 11. Be3 Re8 12. Qd2 exd4 13. Bxd4 Nc5 14. Ng3 Qb6 15.
Rad1 Qb4 16. f4 Qxc4 17. f5 Ncd7 18. Bb1 Qb4 19. Ba2 c5 20. Bxf6 Nxf6 21. Qxd6
Ra6 22. Qc7 c4 23. Bxc4 Rc6 24. Qxf7+ Kh8 25. Bb5 Rf8 26. Qa2 Rd6 27. Qc4 Rxd1
28. Rxd1 gxf5 29. e5 Ne4 30. Ngxe4 fxe4 31. e6 Qe7 32. Bd7 Bxd7 33. Rxd7 Qh4
34. Qxe4 Qf2+ 35. Kh2 Qc5 36. Nd5 1-0

[Event "BL 9192 HSK-Bielefeld"]
[Site "?"]
[Date "1991.??.??"]
[Round "?.2"]
[White "Brunner, L."]
[Black "Gruen, G."]
[Result "0-1"]
[WhiteElo "2505"]
[BlackElo "2375"]
[PlyCount "134"]
[EventDate "1991.??.??"]

1. Nf3 Nf6 2. g3 d5 3. Bg2 Bf5 4. b3 e6 5. Bb2 Be7 6. O-O O-O 7. d3 h6 8. Nbd2
a5 9. a3 c5 10. Ne5 Nc6 11. e4 Bh7 12. Nxc6 bxc6 13. a4 c4 14. dxc4 Nxe4 15.
Nxe4 dxe4 16. Qg4 Bg5 17. Rad1 Qe7 18. Qe2 f5 19. f3 Bf6 20. Bxf6 Qxf6 21. fxe4
Qe5 22. Rde1 f4 23. gxf4 Rxf4 24. Rxf4 Qxf4 25. e5 Rd8 26. Qe3 Qxe3+ 27. Rxe3
c5 28. Be4 Bxe4 29. Rxe4 Rd2 30. Re3 Rxc2 31. Rd3 Rb2 32. Rd8+ Kf7 33. Rc8 Rxb3
34. Rxc5 Rb4 35. Rxa5 Rxc4 36. Ra7+ Kg6 37. a5 Rc5 38. a6 Rxe5 39. Rb7 Ra5 40.
a7 Ra2 41. h4 h5 42. Kf1 Kf6 43. Ke1 g6 44. Kd1 e5 45. Ke1 Kf5 46. Rg7 e4 47.
Re7 Kf4 48. Kf1 Kf3 49. Ke1 e3 50. Rf7+ Kg3 51. Rg7 Kf3 52. Rf7+ Kg3 53. Rg7
Kxh4 54. Rxg6 Rxa7 55. Ke2 Re7 56. Rg1 Kh3 57. Rh1+ Kg4 58. Rg1+ Kf4 59. Rf1+
Kg3 60. Rg1+ Kh2 61. Rg5 h4 62. Rg8 Re4 63. Rg7 Kh3 64. Rg1 Rg4 65. Ra1 Kg2 66.
Kxe3 h3 67. Ra2+ Kg3 0-1

[Event "BL 9192 HSK-Bielefeld"]
[Site "?"]
[Date "1991.??.??"]
[Round "?.3"]
[White "Panzer, P."]
[Black "Mueller, Ka"]
[Result "0-1"]
[WhiteElo "2345"]
[BlackElo "2425"]
[PlyCount "32"]
[EventDate "1991.??.??"]

1. d4 d5 2. Nf3 e6 3. c4 dxc4 4. e4 b5 5. a4 c6 6. axb5 cxb5 7. b3 Bb7 8. Nbd2
Bb4 9. bxc4 Bxe4 10. Qb3 Nc6 11. cxb5 Bxf3 12. Qxf3 Nxd4 13. Qd3 Rc8 14. Kd1
Rc3 15. Qb1 Nb3 16. Qb2 Qd4 0-1

[Event "BL 9192 HSK-Bielefeld"]
[Site "?"]
[Date "1991.??.??"]
[Round "?.4"]
[White "Maus, So"]
[Black "Kassebaum, R."]
[Result "1-0"]
[WhiteElo "2385"]
[BlackElo "2410"]
[PlyCount "43"]
[EventDate "1991.??.??"]

1. e4 c5 2. Nf3 e6 3. d4 cxd4 4. Nxd4 Nf6 5. Nc3 d6 6. g4 Nc6 7. g5 Nd7 8. Be3
Be7 9. Rg1 a6 10. Qh5 O-O 11. O-O-O Nxd4 12. Rxd4 g6 13. Qe2 b5 14. h4 Qa5 15.
f4 b4 16. Nb1 Nc5 17. h5 Qxa2 18. Qh2 Na4 19. Rh1 Qxb2+ 20. Kd2 Nc3 21. hxg6
Nxb1+ 22. Ke1 1-0

[Event "BL 9192 HSK-Bielefeld"]
[Site "?"]
[Date "1991.??.??"]
[Round "?.5"]
[White "Geveke, M."]
[Black "Michaelsen, N."]
[Result "1/2-1/2"]
[WhiteElo "2330"]
[BlackElo "2370"]
[PlyCount "27"]
[EventDate "1991.??.??"]

1. Nf3 Nf6 2. g3 g6 3. c4 c6 4. Bg2 Bg7 5. O-O d5 6. cxd5 cxd5 7. d4 O-O 8. Nc3
e6 9. Bf4 Nc6 10. Rc1 h6 11. Na4 Ne4 12. Ne5 Nxe5 13. Bxe5 Bd7 14. Bxg7 1/2-1/2

[Event "BL 9192 HSK-Bielefeld"]
[Site "?"]
[Date "1991.??.??"]
[Round "?.6"]
[White "Wegner, H."]
[Black "Stertenbrink, G."]
[Result "1/2-1/2"]
[WhiteElo "2425"]
[BlackElo "2290"]
[PlyCount "57"]
[EventDate "1991.??.??"]

1. d4 c5 2. d5 e5 3. e4 d6 4. Nc3 Be7 5. Nf3 Bg4 6. Be2 Bxf3 7. Bxf3 Bg5 8. a4
Bxc1 9. Qxc1 Nf6 10. a5 O-O 11. O-O Na6 12. Qe3 Nc7 13. Be2 Qd7 14. Rfb1 b5 15.
b4 c4 16. Rf1 Na6 17. Rab1 Nb8 18. g3 a6 19. f4 Re8 20. f5 Qa7 21. Qxa7 Rxa7
22. g4 h6 23. h4 Nh7 24. Kf2 g5 25. Ke3 Nd7 26. Rh1 Kg7 27. Rh2 gxh4 28. Rxh4
Ng5 29. Rbh1 1/2-1/2

[Event "BL 9192 HSK-Bielefeld"]
[Site "?"]
[Date "1991.??.??"]
[Round "?.7"]
[White "Pohl Kuemmel, J."]
[Black "Heinemann, T."]
[Result "1/2-1/2"]
[WhiteElo "2245"]
[BlackElo "2405"]
[PlyCount "83"]
[EventDate "1991.??.??"]

1. d4 Nf6 2. Nf3 e6 3. c4 b6 4. g3 Bb7 5. Bg2 Be7 6. O-O O-O 7. Nc3 Ne4 8. Nxe4
Bxe4 9. Nh4 Bxg2 10. Nxg2 c5 11. d5 d6 12. Ne3 a6 13. a4 Nd7 14. f4 g6 15. Qd3
Re8 16. Bd2 e5 17. f5 e4 18. Qc2 Bg5 19. Ng4 h5 20. fxg6 fxg6 21. Nh6+ Bxh6 22.
Bxh6 Qe7 23. Kg2 Kh7 24. Bd2 Rf8 25. Bc3 a5 26. h3 Rxf1 27. Rxf1 Rf8 28. Rxf8
Nxf8 29. Qd2 g5 30. Qe3 Kg6 31. b3 Nh7 32. Bb2 Nf6 33. Qc3 Qf8 34. Qe3 Qe7 35.
Kf2 Qf7 36. Ke1 Qd7 37. Bxf6 Kxf6 38. h4 Qf5 39. hxg5+ Qxg5 40. Qc3+ Qe5 41.
Qxe5+ Kxe5 42. e3 1/2-1/2

[Event "BL 9192 HSK-Bielefeld"]
[Site "?"]
[Date "1991.??.??"]
[Round "?.8"]
[White "Sievers, S."]
[Black "Meier, V."]
[Result "0-1"]
[WhiteElo "2340"]
[BlackElo "2260"]
[PlyCount "64"]
[EventDate "1991.??.??"]

1. c4 c5 2. g3 Nc6 3. Bg2 g6 4. Nc3 Bg7 5. e3 e5 6. Nge2 Nge7 7. O-O O-O 8. b3
Rb8 9. Bb2 b6 10. Nd5 Nxd5 11. cxd5 Ne7 12. d4 d6 13. dxe5 dxe5 14. Qd2 Nf5 15.
Rac1 Nd6 16. Nc3 f5 17. Rfd1 h5 18. Nb1 Ba6 19. Na3 Rc8 20. b4 Rf7 21. bxc5
bxc5 22. Bf1 Bxf1 23. Kxf1 f4 24. exf4 exf4 25. Re1 fxg3 26. hxg3 Bxb2 27. Qxb2
Nf5 28. Re6 Qxd5 29. Rxg6+ Kh7 30. Rf6 Qh1+ 31. Ke2 Re7+ 32. Kd2 Qd5+ 0-1

[Event "BL 9192 München 36-Empor Berlin"]
[Site "?"]
[Date "1991.??.??"]
[Round "?.2"]
[White "Smejkal, J."]
[Black "Dautov, R."]
[Result "1/2-1/2"]
[WhiteElo "2555"]
[BlackElo "2595"]
[PlyCount "84"]
[EventDate "1991.??.??"]

1. c4 e5 2. g3 Nc6 3. Bg2 g6 4. Nc3 Bg7 5. e4 d6 6. Nge2 f5 7. d3 Nh6 8. O-O
O-O 9. Nd5 g5 10. exf5 Bxf5 11. Be3 Nd4 12. Qd2 Nf7 13. f4 Nxe2+ 14. Qxe2 gxf4
15. gxf4 Qd7 16. Kh1 Rae8 17. Qd2 Kh8 18. Rae1 c6 19. Nc3 exf4 20. Bxf4 Rxe1
21. Rxe1 Ne5 22. Ne4 Bg6 23. Bh6 Ng4 24. Bxg7+ Qxg7 25. h3 Bxe4 26. hxg4 Bxg2+
27. Qxg2 Qg5 28. Qg3 Kg8 29. Re2 Qc1+ 30. Kh2 Rf1 31. Qe3 Qxe3 32. Rxe3 Rf2+
33. Kg3 Rxb2 34. Re8+ Kf7 35. Rh8 Kg6 36. Rd8 Rxa2 37. Rxd6+ Kg5 38. Rd7 Ra3
39. Rg7+ Kf6 40. Rxb7 Rxd3+ 41. Kf4 a5 42. Rxh7 a4 1/2-1/2

[Event "BL 9192 München 36-Empor Berlin"]
[Site "?"]
[Date "1991.??.??"]
[Round "?.3"]
[White "Muse, M."]
[Black "Gruenberg, HU."]
[Result "1/2-1/2"]
[WhiteElo "2445"]
[BlackElo "2530"]
[PlyCount "96"]
[EventDate "1991.??.??"]

1. d4 Nf6 2. c4 e6 3. Nf3 d5 4. Nc3 Bb4 5. Bg5 Nbd7 6. e3 c5 7. cxd5 exd5 8.
dxc5 Qa5 9. Nd2 Bxc3 10. bxc3 O-O 11. Be2 Ne4 12. Nxe4 dxe4 13. Qd4 Nxc5 14.
Qb4 Nd3+ 15. Bxd3 Qxb4 16. cxb4 exd3 17. Kd2 f6 18. Bf4 Be6 19. Rhc1 b5 20.
Kxd3 a5 21. a3 Rfd8+ 22. Ke2 axb4 23. axb4 Bc4+ 24. Kf3 Rxa1 25. Rxa1 h5 26. h4
Rd3 27. g4 hxg4+ 28. Kxg4 Rd2 29. Kg3 Be2 30. Ra8+ Kh7 31. Ra7 Rd1 32. Kg2 Rd5
33. f3 Kg8 34. Ra2 Bc4 35. Ra8+ Kh7 36. e4 Rd4 37. Be3 Rd7 38. Rb8 Be2 39. Kf2
Bd3 40. h5 Bc4 41. Rb6 Bd3 42. h6 Bc4 43. hxg7 Kxg7 44. Bc5 Kf7 45. Kg3 Be2 46.
Kf2 Bc4 47. Bd6 Ra7 48. Bc5 Rd7 1/2-1/2

[Event "BL 9192 München 36-Empor Berlin"]
[Site "?"]
[Date "1991.??.??"]
[Round "?.4"]
[White "Enders, P."]
[Black "Volke, K."]
[Result "1-0"]
[WhiteElo "2475"]
[BlackElo "2425"]
[PlyCount "107"]
[EventDate "1991.??.??"]

1. e4 c5 2. Nf3 e6 3. d4 cxd4 4. Nxd4 Nf6 5. Nc3 d6 6. g4 a6 7. g5 Nfd7 8. Be3
b5 9. a3 Bb7 10. Qg4 Nc6 11. O-O-O Be7 12. Rg1 Nde5 13. Qg3 O-O 14. f4 Nxd4 15.
Bxd4 Nc6 16. Bf6 Bxf6 17. gxf6 Qxf6 18. Rxd6 Qh6 19. Qg5 Qxg5 20. Rxg5 Rfd8 21.
Rxd8+ Rxd8 22. Rc5 Rc8 23. e5 Ne7 24. Rxc8+ Bxc8 25. Kd2 g5 26. fxg5 Ng6 27.
Ke3 Nxe5 28. Be2 h6 29. gxh6 f5 30. a4 b4 31. Na2 a5 32. Nc1 Kh7 33. Kd4 Nd7
34. Nb3 e5+ 35. Kd5 Nb6+ 36. Kxe5 Nxa4 37. Nxa5 Nxb2 38. Nc6 Kxh6 39. Kf4 Na4
40. Nxb4 Nc3 41. Bc4 Ne4 42. Bd3 Nd6 43. c4 Kg6 44. c5 Nf7 45. Nd5 Be6 46.
Bxf5+ Bxf5 47. Ne7+ Kf6 48. Nxf5 Ne5 49. Ke4 Ng4 50. c6 Ke6 51. Nd4+ Kd6 52. h4
Nf6+ 53. Kf5 Nd5 54. h5 1-0

[Event "BL 9192 München 36-Empor Berlin"]
[Site "?"]
[Date "1991.??.??"]
[Round "?.5"]
[White "Poldauf, D."]
[Black "Bastian, H."]
[Result "1-0"]
[WhiteElo "2385"]
[BlackElo "2330"]
[PlyCount "83"]
[EventDate "1991.??.??"]

1. c4 e5 2. Nc3 Nc6 3. Nf3 g6 4. d4 exd4 5. Nxd4 Bg7 6. Nxc6 bxc6 7. g3 Ne7 8.
Bg2 O-O 9. O-O d6 10. Qa4 a6 11. Rd1 Rb8 12. c5 d5 13. e4 Bg4 14. f3 Be6 15.
Qxa6 d4 16. Ne2 Rb5 17. Nf4 Bc8 18. Qa3 f5 19. b4 fxe4 20. fxe4 Bg4 21. Bb2
Bxd1 22. Rxd1 Qb8 23. Qb3+ Rf7 24. Nd3 Kf8 25. Qc4 Qc8 26. Bxd4 Ng8 27. Bxg7+
Kxg7 28. Ne5 Rf6 29. Nxc6 Rb7 30. e5 Rf8 31. e6 Qe8 32. Qd4+ Nf6 33. e7 Rf7 34.
Rf1 Rb5 35. a4 Rb7 36. b5 h5 37. Nd8 Rb8 38. Nxf7 Qxf7 39. Qe5 Re8 40. Re1 Kh6
41. Bc6 Ng4 42. Qf4+ 1-0